000 00797cam a22002898 4500
001 34769
003 BD-RjUL
005 20211209052216.0
008 140519t1964 nyua 000 0 eng d
035 _aMITb10237504
035 _a(BD-RjUL)34863
035 _aGLIS00237504
040 _aDLC
_cDLC
_dMYG
_dBD-RjUL
_beng
041 _aeng
082 0 4 _a311.8
_bCLM 1964
099 _aHF5691.N45 1986
100 1 _aClssell
_9105812
245 1 0 _aMathematics for business and economics /
_cClssell
260 _aNew York :
_bMcGraw-Hill,
_cc1964
300 _a75 p. :
_bill. ;
_c25 cm.
650 0 _aBusiness mathematics.
_9105813
650 0 _aEconomics, Mathematical.
_9105814
942 _2ddc
_cBK
949 _aMYGD
_b39080000021250
999 _c34769
_d34769